000 00565nam a2200181 i 4500
001 27399
003 ES-MaACL
005 20230906153618.0
007 t|
008 030114s1972 sp ||||1| spa d
020 _a84-292-9502-X
100 1 _aAzaola, José Miguel de (
_d1917-2007)
_924229
245 1 0 _aVasconia y su destino.
_nI,
_pLa regionalización de España /
_cJosé Miguel de Azaola.
260 _aMadrid :
_bRevista de Occidente,
_c[1972]
300 _a1 v. (551 p.) ;
_c22 cm.
651 4 _aPaís Vasco-
_xHistoria.
_99152
852 _aES-MaACL
_jP-1748
999 _c27399
_d27399